The definitive guide to supply management and procurement : (Record no. 20575)

MARC details
000 -LEADER
fixed length control field 00680nam a22001937a 4500
003 - CONTROL NUMBER IDENTIFIER
control field OSt
008 - FIXED-LENGTH DATA ELEMENTS--GENERAL INFORMATION
fixed length control field 240522b2020 |||||||| |||| 00| 0 eng d
020 ## - INTERNATIONAL STANDARD BOOK NUMBER
International Standard Book Number 9789353944698
082 ## - DEWEY DECIMAL CLASSIFICATION NUMBER
Classification number 658.7
Item number TAT-S
100 ## - MAIN ENTRY--PERSONAL NAME
Personal name Tate, Wendy L.
245 ## - TITLE STATEMENT
Title The definitive guide to supply management and procurement :
Remainder of title principles and strategies for establishing efficient, effective, and sustainable supply management operations /
Statement of responsibility, etc Wendy L. Tate.
260 ## - PUBLICATION, DISTRIBUTION, ETC. (IMPRINT)
Place of publication, distribution, etc Uttar Pradesh :
Name of publisher, distributor, etc Pearson,
Date of publication, distribution, etc 2020.
300 ## - PHYSICAL DESCRIPTION
Extent / Pages ix, 165 p. ;
650 ## - SUBJECT ADDED ENTRY--TOPICAL TERM
Topical term or geographic name as entry element Business logistics.
650 ## - SUBJECT ADDED ENTRY--TOPICAL TERM
Topical term or geographic name as entry element Business networks.
650 ## - SUBJECT ADDED ENTRY--TOPICAL TERM
Topical term or geographic name as entry element Organizational change.
650 ## - SUBJECT ADDED ENTRY--TOPICAL TERM
Topical term or geographic name as entry element Supply and demand-Management.
942 ## - ADDED ENTRY ELEMENTS (KOHA)
Source of classification or shelving scheme
Koha item type Books
942 ## - ADDED ENTRY ELEMENTS (KOHA)
-- 3
Holdings
Withdrawn status Lost status Source of classification or shelving scheme Damaged status Not for loan Home library Current library Date acquired Source of acquisition Currency Cost, normal purchase price Full call number Barcode Date last seen Copy number Bill Date Koha item type Bill Number Total Checkouts Total Renewals Date last borrowed
          SOBD Library SOBD Library 11/04/2024 Vedi Books INR 645.00 658.7 TAT-S1 006003 22/05/2024 1   Reference Books VEDI/24-25/04/12      
          SOBD Library SOBD Library 11/04/2024 Vedi Books INR 645.00 658.7 TAT-S2 006004 22/05/2024 2   Books VEDI/24-25/04/12      
          SOBD Library SOBD Library 11/04/2024 Vedi Books INR 645.00 658.7 TAT-S3 006005 22/05/2024 3   Books VEDI/24-25/04/12      
          SOBD Library SOBD Library 11/04/2024 Vedi Books INR 645.00 658.7 TAT-S4 006006 19/12/2025 4   Books VEDI/24-25/04/12 1 1 15/11/2025
          SOBD Library SOBD Library 11/04/2024 Vedi Books INR 645.00 658.7 TAT-S5 006007 20/11/2024 5   Books VEDI/24-25/04/12 1   27/09/2024
          SOBD Library SOBD Library 11/04/2024 Vedi Books INR 645.00 658.7 TAT-S6 006008 22/05/2024 6   Books VEDI/24-25/04/12      
          SOBD Library SOBD Library 11/04/2024 Vedi Books INR 645.00 658.7 TAT-S7 006009 22/05/2024 7   Books VEDI/24-25/04/12      
          SOBD Library SOBD Library 11/04/2024 Vedi Books INR 645.00 658.7 TAT-S8 006010 29/03/2025 8   Books VEDI/24-25/04/12 1   17/02/2025
          SOBD Library SOBD Library 11/04/2024 Vedi Books INR 645.00 658.7 TAT-S9 006011 22/05/2024 9   Books VEDI/24-25/04/12      
          SOBD Library SOBD Library 11/04/2024 Vedi Books INR 645.00 658.7 TAT-S10 006012 22/05/2024 10   Books VEDI/24-25/04/12      
          SOBD Library SOBD Library 11/04/2024 Vedi Books INR 645.00 658.7 TAT-S11 006013 22/05/2024 11   Books VEDI/24-25/04/12      
          SOBD Library SOBD Library 11/04/2024 Vedi Books INR 645.00 658.7 TAT-S12 006014 22/05/2024 12   Books VEDI/24-25/04/12      
Hosted, Implemented, Customized & Maintained by: BestBookBuddies

Powered by Koha